000 00913nam a22002417a 4500
999 _c50777
_d50777
005 20251125233017.0
008 s2548 th tha d
020 _a9749354222
040 _aNALT
041 _atha
050 _aDS 578.32
_bพ199ป 2548
100 0 _aพนิดา วสุธาพิทักษ์
245 1 0 _aปู่เย็น เป็นอยู่ /
_cพนิดา วสุธาพิทักษ์
250 _aพิมพ์ครั้งที่ 2
260 _aกรุงเทพฯ :
_bพิมพ์บูรพา,
_c2548
300 _a157 หน้า :
_bภาพประกอบ ;
_c21 ซม.
650 0 _aเย็น แก้วมณี
_943985
_xชีวประวัติ
650 0 4 _aปู่เย็น
850 _aNALT
856 4 0 _uhttps://hdl.handle.net/20.500.14156/401847
_71
942 _cGB
_2lcc